Online
Catalog

El ratoncito feroz : (Record no. 2259)

MARC details
000 -CABECERA
campo de control de longitud fija 00804nam a2200229 a 4500
001 - NÚMERO DE CONTROL
campo de control 000002423
005 - FECHA Y HORA DE LA ÚLTIMA TRANSACCIÓN
campo de control 20200929150208.0
008 - DATOS DE LONGITUD FIJA--INFORMACIÓN GENERAL
campo de control de longitud fija 090702s2001 sp 000 0 spa d
020 ## - NÚMERO INTERNACIONAL ESTÁNDAR DEL LIBRO
Número Internacional Estándar del Libro 8489384282
040 ## - FUENTE DE LA CATALOGACIÓN
Centro catalogador/agencia de origen DO-SdBNP
Lengua de catalogación spa
Centro/agencia transcriptor BNPHU
082 ## - NÚMERO DE LA CLASIFICACIÓN DECIMAL DEWEY
Número de clasificación xxxx
Número de documento/Ítem G528r
100 1# - ENTRADA PRINCIPAL--NOMBRE DE PERSONA
Nombre de persona Giroux, Henry A.
9 (RLIN) 7676
240 13 - TÍTULO UNIFORME
Título uniforme The mouse that roared. Disney and the of innocence
245 13 - MENCIÓN DE TÍTULO
Título El ratoncito feroz :
Resto del título Disney o el fin de la inocencia /
Mención de responsabilidad, etc. Henry A. Giroux ; traducción Alberto Jiménez.
260 ## - PUBLICACIÓN, DISTRIBUCIÓN, ETC.
Lugar de publicación, distribución, etc. Madrid, :
Nombre del editor, distribuidor, etc. Fundación Gérman Sánchez Ruipérez,
Fecha de publicación, distribución, etc. 2001.
300 ## - DESCRIPCIÓN FÍSICA
Extensión 190 p. ;
Dimensiones 23 cm.
490 1# - MENCIÓN DE SERIE
Mención de serie El árbol de la memoria
500 ## - NOTA GENERAL
Nota general Incluye índice.
500 ## - NOTA GENERAL
Nota general Incluye notas a final de cada capítulo.
700 1# - PUNTO DE ACCESO ADICIONAL--NOMBRE DE PERSONA
Nombre de persona Jiménez, Alberto,
Término indicativo de función/relación tr.
9 (RLIN) 7677
830 #0 - PUNTO DE ACCESO ADICIONAL DE SERIE-TÍTULO UNIFORME
Título uniforme El árbol de la memoria
9 (RLIN) 7660
Holdings
Estado de retiro Estado de pérdida Restricciones de uso No para préstamo Código de colección Localización permanente Ubicación/localización actual Ubicación en estantería Fecha de adquisición Número de inventario Total de préstamos Signatura topográfica completa Código de barras Fecha visto por última vez Precio válido a partir de Tipo de ítem Koha
        Monografías: Libros y Folletos General General En catalogación 02.07.2009 LF1   xxxx G528r 2423-10 25.06.2020 25.06.2020 Préstamo en sala

Powered by Koha